Countries of the World in 1711 with a Map - Statistics

General Stats
  • This quiz has been taken 89 times
    66 since last reset
  • The average score is 40 of 98
Answers on the Map
Answers color-coded by a green-red scale on the quiz's map according to % correct below.
 
Answer Stats
Answer % Correct
Russia
100%
Spain
100%
Denmark-Norway
98%
France
98%
Portugal
98%
Sweden
98%
United Kingdom
98%
Austria
96%
Qing Dynasty
96%
Ottoman Empire
94%
Netherlands
92%
Japan
90%
Joseon
88%
Switzerland
88%
Bavaria
86%
Morocco
86%
Safavids
86%
Dai Viet
82%
Holy Roman Empire
82%
Nepal
82%
Polish-Llithuanian Commonwealth
82%
Prussia
80%
Venice
80%
Bhutan
78%
Crimea
78%
Papal States
76%
Tuscany
71%
Cambodia
69%
Malta
69%
Moldova
69%
Genoa
67%
Hanover
67%
Oman-Zanzibar
67%
Saxony
67%
Wallachia
65%
Milan
61%
Bahamas
55%
Modena
51%
Parma
49%
Ethiopia
47%
Maldives
47%
Savoy
47%
Brunei
45%
Courland
43%
Andorra
41%
Moughals
41%
Lucca
39%
Aceh
37%
San Marino
37%
Bali
35%
Benin
35%
Iroquois
35%
Johor
33%
Kongo
33%
Sikkim
33%
Mapuche
24%
Mantua
20%
Kandy
18%
Sulu
18%
Dahomey
16%
Bornu
14%
Bukhara
14%
Khiva
12%
Mysore
12%
Ashanti Empire
10%
Vientiane
10%
Dzungar
8%
Luba
8%
Lunda
8%
Maratha
8%
Funj
4%
Imerina
4%
Kedah
4%
Khoshut
4%
Maguindanao
4%
Malavi
4%
Mataram
4%
Carnatic
2%
Great Fulo
2%
Luang Phrabang
2%
Mrauk-U
2%
Oyo Empire
2%
Palembang
2%
Perak
2%
Toungoo
2%
Ayutthaya Empire
0%
Bima
0%
Blambangan
0%
Cochin
0%
Hotaks
0%
Larantuka
0%
Madurai Nayak Dynasty
0%
Nayakas of Keladi
0%
Pagaruyung
0%
Patani
0%
Sakalava
0%
Thanjavur Maratha
0%
Venad
0%
No matching quizzes found
Score Distribution
Percent of People with Each Score
Percentile by Number Answered
Your Score History
You have not taken this quiz since the last reset